| 000 | 00412cam a2200157ua 4500 | ||
|---|---|---|---|
| 020 | _a81-85852-11-4 | ||
| 082 |
_a624.1517 _bKAN/SU |
||
| 100 |
_aKanetkar, T. P . _91395 |
||
| 100 |
_aKulkarni, S. V . _91396 |
||
| 245 | _aSurveying and Levelling, Part 1 / | ||
| 250 | _a23 / 24 Rev | ||
| 260 |
_aPune : _bPune Vidyarthi Griha Prakashan , _c1993,2008 |
||
| 300 | _a608 ; 636 | ||
| 500 | _a*CSS | ||
| 942 | _cBK | ||
| 999 |
_c10341 _d10341 |
||